Tous les duos des Enfoirés - Statistiques

Statistiques générales
  • Ce quiz a été pris 12 fois
    11 depuis la dernière actualisation
  • Le résultat moyen est 5 sur 70
Statistiques - réponses
Hint Réponse % Correct
Liane Foly - Jean Baptiste Maunier Another brick in the wall
33%
Mimie Mathy - Jean Baptiste Maunier Evidemment (2005)
33%
Muriel Robin - Charles Aznavour La Bohème
33%
Vanessa Paradis - Maxime Le Forestier Mistral gagnant
33%
Patrick Bruel - Natasha St Pier On se retrouvera
33%
Lara Fabian - Johnny Hallyday Requiem pour un fou
33%
Patricia Kaas - Roch Voisine Et maintenant (1999)
22%
Céline Dion - Jean Jacques Goldman Là-bas
22%
Patricia Kaas - Johnny Hallyday L'Hymne à l'amour
22%
Dave - Yves Lecoq Ma gueule
22%
Josiane Balasko - Pierre Palmade Quand on arrive en ville
22%
Vanessa Paradis - Francis Cabrel Tandem
22%
Patrick Bruel - Jean Reno Vieille canaille
22%
Gilbert Becaud - Smain Alors raconte
11%
Jenifer - Mimie Mathy A nos héros du quotidien (intro)
11%
Hélène Segara - Pascal Obispo C'est écrit
11%
Véronique Sanson - Michèle Laroque Chanson sur ma drôle de vie
11%
Ophélie Winter - Jean Jacques Goldman Coup de folie
11%
Nana Mouskouri - I Muvrini Here's to you/ La ballade de Zacco et Vanzetti
11%
Charles Aznavour - Patrick Bruel Hier encore
11%
Jean Jacques Goldman - Patricia Kaas Je te promets (1992)
11%
Patricia Kaas - Pascal Obispo L'aigle noir
11%
Renaud - Francis Cabrel La pêche à la ligne (1992)
11%
Karen Mulder - Tina Arena Le Brio
11%
Patrick Bruel - Patricia Kaas Le France (2002)
11%
Vanessa Paradis - Alain Souchon Les filles électriques
11%
Florent Pagny - Carole Fredericks Oh! Happy Days
11%
Vanessa Paradis - Patrick Bruel 10 ans ça suffit !
0%
Smain - Florent Pagny Banlieue Nord
0%
Florent Pagny - Véronique Sanson Belle île en mer
0%
Michael Jones - Pow Wow Cécilia
0%
Pierre Palmade - Patrick Timsit Ces soirées là
0%
Liane Foly - Mimie Mathy Chansons des jumelles
0%
Patricia Kaas - Jacques Dutronc Coup de foudre
0%
Josiane Balasko - Eddy Mitchell Da dou ron ron
0%
Patrick Bruel - Maurane Derrière l'amour
0%
Jane Birkin - Charlotte Gainsbourg Di Doo Dah
0%
France Gall - Francis Cabrel Ella, elle l'a
0%
Jane Birkin - MC Solaar Et moi et moi et moi
0%
Emmanuelle Beart - Marc Lavoine Fais moi une place
0%
Caroline Cellier - Pierre Palmade Il venait d'avoir 18 ans
0%
Carole Fredericks - Basile Boli Je l'aime à mourir
0%
Jean Jacques Goldman - Michel Fugain Je n'aurai pas le temps
0%
Jane Birkin - Vanessa Paradis La ballade de Johnny Jane
0%
Patrick Bruel - Pascal Obispo La bombe humaine (2000)
0%
Renaud Hantson - Michael Jones La chanson de Ziggy
0%
Vanessa Paradis - Maxime Le Forestier La complainte du phoque en Alaska
0%
Laëtitia Casta - Alain Souchon La maison où j'ai grandi
0%
Johnny Hallyday - Véronique Sanson La musique que j'aime
0%
Johnny Hallyday - Eddy Mitchell Le bon temps du rock and roll
0%
Eddy Mitchell - Véronique Sanson Le cimetière des Enfoirés
0%
Jean Jacques Goldman - Carole Fredericks Le pénitencier (1992)
0%
Elsa Lunghini - Patricia Kaas Les brunes comptent pas pour des prunes
0%
Karen Mulder - Les Innocents Les chansons du souvenir (medley)
0%
Dany Brillant - Liane Foly Les marchés de Provence
0%
Patrick Bruel - Serge Reggiani L'italien
0%
Fanny Ardant - Patrick Bruel Mes mains sur tes hanches
0%
Patrick Bruel - Jean Jacques Goldman Monopolis
0%
Jean Jacques Goldman - Véronique Sanson On m'attend là bas
0%
Pierre Palmade - Muriel Robin Paroles paroles
0%
Mimie Mathy - Yannick Noah Pour un flirt
0%
Valérie Lemercier - Tonton David Quand on n'a plus rien à perdre
0%
Maurane - Céline Dion Quand on n'a que l'amour
0%
Patrick Fiori - Pascal Obispo Qui saura
0%
Eddy Mitchell - Michel Sardou Sur la route des Memphis
0%
Carole Fredericks - Karen Mulder Think
0%
Jean Jacques Goldman - Michel Sardou Ton fils (1989)
0%
Carla Bruni - Laurent Voulzy Tous les garçons et les filles de mon âge
0%
Romane Bohringer - Jean Louis Aubert Tu dois tenir ma main
0%
Jean Jacques Goldman - Michel Sardou Une fille aux yeux clairs
0%
Aucun quiz correspondant
Distribution des résultats
% des personnes avec chaque résultat
Percentile par nombre de réponses
Votre historique - résultats
Vous n’avez pas pris ce quiz depuis la dernière actualisation